000
00268nam a2200109Ia 4500
008
230907s9999||||xx |||||||||||||| ||und||
082
_a
658.85019
_b
GOL
100
_a
Goldfayn, Alex L.,
_9
116125
245
0
_a
Selling boldly :
300
_a
xi, 275 pages :
942
_c
BK
999
_c
601124
_d
601124